Figure drawing for artists : (Record no. 31168)

MARC details
000 -LEADER
fixed length control field 00839cam a2200265 i 4500
001 - CONTROL NUMBER
control field ssj0001830126
003 - CONTROL NUMBER IDENTIFIER
control field EG-ScBUE
005 - DATE AND TIME OF LATEST TRANSACTION
control field 20260406093421.0
008 - FIXED-LENGTH DATA ELEMENTS--GENERAL INFORMATION
fixed length control field 190911t2016 maua f 000 0 eng d
020 ## - INTERNATIONAL STANDARD BOOK NUMBER
International Standard Book Number 9781631590658
040 ## - CATALOGING SOURCE
Original cataloging agency DLC
Language of cataloging eng
Description conventions rda
Transcribing agency DLC
Modifying agency DLC
-- WaSeSS
082 04 - DEWEY DECIMAL CLASSIFICATION NUMBER
Classification number 743.4
Edition number 22
Item number HUS
100 1# - MAIN ENTRY--PERSONAL NAME
Personal name Huston, Steve,
Relator term author.
245 10 - TITLE STATEMENT
Title Figure drawing for artists :
Remainder of title making every mark count /
Statement of responsibility, etc Steve Huston.
264 #1 - PUBLICATION, DISTRIBUTION, ETC. (IMPRINT)
Place of publication, distribution, etc Beverly, MA :
Name of publisher, distributor, etc Quarto Publishing Group,
Date of publication, distribution, etc [2016]
264 #4 - PUBLICATION, DISTRIBUTION, ETC. (IMPRINT)
Date of publication, distribution, etc c2016
300 ## - PHYSICAL DESCRIPTION
Extent 192 pages :
Other physical details color illustrations ;
Dimensions 26 cm
336 ## - CONTENT TYPE
Source rdacontent
Content type term text
Content type code txt
337 ## - MEDIA TYPE
Source rdamedia
Media type term unmediated
Media type code n
338 ## - CARRIER TYPE
Source rdacarrier
Carrier type term volume
Carrier type code nc
650 #7 - SUBJECT ADDED ENTRY--TOPICAL TERM
Topical term or geographic name as entry element Figure drawing
General subdivision Technique.
Source of heading or term BUEsh
650 #7 - SUBJECT ADDED ENTRY--TOPICAL TERM
Topical term or geographic name as entry element Human figure in art
General subdivision Technique.
Source of heading or term BUEsh
655 ## - INDEX TERM--GENRE/FORM
Form subdivision Reading book
942 ## - ADDED ENTRY ELEMENTS (KOHA)
Source of classification or shelving scheme Dewey Decimal Classification
Koha item type Book - Borrowing
Holdings
Withdrawn status Lost status Source of classification or shelving scheme Damaged status Not for loan Collection code Home library Current library Shelving location Date acquired Source of acquisition Cost, normal purchase price Serial Enumeration / chronology Total Checkouts Full call number Barcode Date last seen Cost, replacement price Price effective from Koha item type
    Dewey Decimal Classification     Baccah Central Library Central Library Second Floor 06/04/2026 Purchase 1596.00 40179   743.4 HUS 000057580 06/04/2026 1995.00 06/04/2026 Book - Borrowing